00263nam a2200097Ia 4500008004100000041001200041100001700053245008300070260000600153650000600159221030s9999 xx 000 0 und d aEnglish aJ. C. Naylor 0aIndustrial Psychlogy - I`s Theoretical and Social Foundationscby J. C. Naylor c0 aB